| 000 | 01214pam a2200337 a 4500 | ||
|---|---|---|---|
| 001 | 1127195 | ||
| 003 | OSt | ||
| 005 | 20140310182251.0 | ||
| 008 | 941213s1995 nyu j 000 1 eng | ||
| 010 | _a 94048235 | ||
| 020 | _a0064471403 | ||
| 040 |
_aDLC _cDLC _dDLC |
||
| 042 | _alcac | ||
| 050 | 0 | 0 |
_aPZ 7 _b.L979739s1 1995 |
| 082 | 0 | 0 |
_aFIC _bL99s 1995 |
| 100 | 1 |
_aLynch, Chris, _d1962- _920035 |
|
| 245 | 1 | 0 |
_aSlot machine / _cChris Lynch. |
| 250 | _a1st ed. | ||
| 260 |
_aNew York : _bHarper Trophy, _c1995. |
||
| 300 |
_a241 p. : _c18 cm. |
||
| 520 | _aWhen overweight thirteen-year-old Elvin Bishop is sent to camp at St. Paul's Seminary Retreat Center, he and his two best friends are forced to try out various sports in order to find out where they belong. | ||
| 541 | _j1 | ||
| 562 | _eFor circulation. 1 copy in the collection | ||
| 650 | 1 |
_aCamps _xFiction. _920036 |
|
| 650 | 1 |
_aSports _xFiction. _920037 |
|
| 650 | 1 |
_aIdentity _xFiction. _920038 |
|
| 650 | 1 |
_aFriendship _xFiction. _920039 |
|
| 906 |
_a7 _bcbc _corignew _d1 _eocip _f19 _gy-gencatlg |
||
| 942 |
_2lcc _cBK-FIC _kFIC |
||
| 999 |
_c11374 _d11374 |
||